000
00307nam a2200121Ia 4500
005
20251222152555.0
008
251222s9999||||xx |||||||||||||| ||spa||
082
_a
343.8/C523/Ej.2
100
_a
Chapi Choque, Pedro Pablo
245
0
_a
Aplicaciones del Código Tributario
250
_a
1ra.ed.
942
_c
LIB
999
_c
26411
_d
26411